Zhongguo kun chong xue wen xian suo yin = Index bibliographique sur l'entomologie chinoise / par Wang Chung-nie.

中國昆蟲學文獻索引 = Index bibliographique sur l'entomologie chinoise /
Bibliographic Details
Main Author: Wang, Chung-nie
Corporate Authors: Musée Heude, Zhen dan da xue
Format: Book
Language:French
Chinese
Language Notes:In French and Chinese.
Published: Chang-Hai : Université l'Aurore, 1940.
Subjects:

MARC

Tag First Indicator Second Indicator Subfields
LEADER 00000cam a2200000Ia 4500
001 in00000042735
005 20151007074844.0
008 800612r1940uuuucc b 000 0 fre d
035 |a (OCoLC)ocm06414362 
035 |a (OCoLC)06414362 
035 |9 AAF2215AM 
035 |a (OCoLC)6414362 
040 |a TXA  |c TXA  |d TXA  |d UtOrBLW 
041 0 |a fre  |a chi 
043 |a a-cc--- 
049 |a TXAM 
090 |a QL483.C6  |b W35 1940 
092 |a 595.7  |b A1W246i, 1940 
100 1 |6 880-01  |a Wang, Chung-nie. 
245 1 0 |6 880-02  |a Zhongguo kun chong xue wen xian suo yin =  |b Index bibliographique sur l'entomologie chinoise / par Wang Chung-nie. 
246 1 1 |a Index bibliographique sur l'entomologie chinoise 
264 1 |a Chang-Hai :  |b Université l'Aurore,  |c 1940. 
300 |a 205-461 pages ;  |c 24 cm. 
336 |a text  |b txt  |2 rdacontent 
337 |a unmediated  |b n  |2 rdamedia 
338 |a volume  |b nc  |2 rdacarrier 
500 |a At head of title: Musee Heude. 
500 |a Issued as volume 7, fasc. 10 of: Notes d'entomologie chinoise. 
500 |a At head of title: Musâee Heude. 
546 |a In French and Chinese. 
500 |a At head of title: Musée Heude. 
500 |6 880-03  |a Issued as volume VII, fasc. 10 of: Notes d'entomologie chinoise, 15 Octobre 1940. 
650 0 |a Entomology  |z China  |v Bibliography. 
650 0 |a Entomology  |z China  |v Indexes. 
650 0 |a Insects  |z China  |v Bibliography. 
650 0 |a Insects  |z China  |v Indexes. 
710 2 |a Musée Heude. 
710 2 |a Zhen dan da xue. 
730 0 |a Notes d'entomologie chinoise.  |n V. 7, fasc. 10. 
880 1 |6 100-01  |a 汪蟲兿. 
880 1 0 |6 245-02  |a 中國昆蟲學文獻索引 =  |b Index bibliographique sur l'entomologie chinoise /  |c 汪蟲兿. 
880 |6 500-03  |a "民国廿四年第三號 (Publications parues en 1935, 24e année de la République Chinoise)." 
994 |a C0  |b TXA 
999 |a MARS 
999 f f |s 4eab7c35-d91e-321d-9f67-24b820651f93  |i 6613c180-4cd9-3af2-a1a5-bc06173375f1  |t 0 
952 f f |p ric  |a Texas A&M University  |b Rellis Campus  |c Joint Library Facility  |d Remote Storage  |t 0  |e QL483.C6 W35 1940  |h Library of Congress classification  |i unmediated -- volume  |m A14801011962 
998 f f |a QL483.C6 W35 1940  |t 0  |l Remote Storage